[Event "Tenerife-chT Primera 1819"]
[Site "Tenerife"]
[Date "2019.03.30"]
[Round "12.3"]
[White "Quintero Perdomo, Alberto"]
[Black "Perez Garcia, Saul"]
[Result "0-1"]
[WhiteElo "1805"]
[BlackElo "1817"]
[PlyCount "126"]
[EventDate "2018.11.24"]
[EventType "team-tourn"]
[EventRounds "14"]
[EventCountry "ESP"]
[SourceTitle "CBM 189 Extra"]
[Source "ChessBase"]
[SourceDate "2019.05.31"]
[SourceVersion "1"]
[SourceVersionDate "2019.05.31"]
[SourceQuality "1"]
[WhiteTeam "Universidad"]
[BlackTeam "Ebano Barrio Nuevo"]
[WhiteTeamCountry "ESP"]
[BlackTeamCountry "ESP"]

1. e4 c5 2. Nf3 a6 3. a3 e6 4. d3 g6 5. g3 Bg7 6. Bg2 d6 7. 0-0 Ne7 8. c3 0-0 9. Be3 Qc7 10. Qd2 Rd8 11. Bh6 Bh8 12. Ng5 d5 13. Qe2 f6 14. Nf3 Nbc6 15. Nbd2 Bg7 16. Bxg7 Kxg7 17. Rad1 e5 18. Rfe1 d4 19. c4 Be6 20. Rf1 g5 21. Kh1 Ng6 22. Ng1 Rac8 23. Bh3 Qd7 24. Qh5 g4 25. Bg2 Nce7 26. f4 gxf3 27. Bh3 b5 28. Rxf3 Rc6 29. Rdf1 Ng8 30. Bxe6 Rxe6 31. R3f2 Kf8 32. Ngf3 Ke8 33. Nh4 Qf7 34. Nf5 Kd7 35. Rc1 Rc6 36. Nf3 Kc7 37. Rfc2 Kb6 38. b4 cxb4 39. c5+ Ka7 40. axb4 Rd7 41. Qg4 Qe6 42. Nd2 Nh6 43. Qf3 Nf7 44. h4 Ne7 45. g4 Ng6 46. Rb2 Nf4 47. Nb3 Rc8 48. Na5 Rdc7 49. Rbc2 h5 50. gxh5 Rh8 51. Nxd4 exd4 52. Qxf4 Qh3+ 53. Rh2 Qd7 54. Qxf6 Rxh5 55. Qb6+ Ka8 56. Qxa6+ Kb8 57. c6 Qd6 58. Qb6+ Kc8 59. Rc5 Qf4 60. Qa6+ Kd8 61. Qa8+ Ke7 62. Kg1 Qg3+ 63. Rg2 Qe1+ 0-1

[Event "Tenerife-chT Primera 1819"]
[Site "Tenerife"]
[Date "2019.01.12"]
[Round "4.2"]
[White "Quesada Ventura, Giovanni"]
[Black "Quintero Perdomo, Alberto"]
[Result "1/2-1/2"]
[WhiteElo "1638"]
[BlackElo "1805"]
[PlyCount "59"]
[EventDate "2018.11.24"]
[EventType "team-tourn"]
[EventRounds "14"]
[EventCountry "ESP"]
[SourceTitle "CBM 189 Extra"]
[Source "ChessBase"]
[SourceDate "2019.05.31"]
[SourceVersion "1"]
[SourceVersionDate "2019.05.31"]
[SourceQuality "1"]
[WhiteTeam "Al Shah Mat Los Realejos"]
[BlackTeam "Universidad"]
[WhiteTeamCountry "ESP"]
[BlackTeamCountry "ESP"]

1. e4 g6 2. d4 Bg7 3. Nf3 d6 4. c4 Nf6 5. Nc3 0-0 6. Be2 c5 7. 0-0 cxd4 8. Nxd4 Nc6 9. Nxc6 bxc6 10. Be3 e5 11. h3 Be6 12. Qc2 Qe7 13. Rad1 Rfd8 14. f4 exf4 15. Bxf4 Ne8 16. Qa4 Qb7 17. Rd2 Rd7 18. Rfd1 Rad8 19. Qa3 Be5 20. Bxe5 dxe5 21. Rxd7 Rxd7 22. b3 Rxd1+ 23. Nxd1 Qd7 24. Qb2 f6 25. Nf2 h5 26. Nd3 Nc7 27. Nc5 Qd6 28. b4 Bf7 29. Nb7 Qd7 30. Nc5 1/2-1/2

[Event "Tenerife-chT Preferente 1718"]
[Site "Tenerife"]
[Date "2018.01.13"]
[Round "6.2"]
[White "Quintero Perdomo, Alberto"]
[Black "Gonzalez Garcia, Zoilo"]
[Result "0-1"]
[WhiteElo "1788"]
[BlackElo "2076"]
[PlyCount "96"]
[EventDate "2017.11.11"]
[EventType "team-tourn"]
[EventRounds "14"]
[EventCountry "ESP"]
[SourceTitle "EXT 2019"]
[Source "ChessBase"]
[SourceDate "2018.10.10"]
[SourceVersion "1"]
[SourceVersionDate "2018.10.10"]
[SourceQuality "1"]
[WhiteTeam "Ciberjaque Universidad"]
[BlackTeam "El Sauzal Gofio Plus"]
[WhiteTeamCountry "ESP"]
[BlackTeamCountry "ESP"]

1. e4 c6 2. Nf3 d5 3. Nc3 Bg4 4. h3 Bxf3 5. Qxf3 e6 6. d3 Nd7 7. g3 Ngf6 8. Bg2 Be7 9. 0-0 0-0 10. Qe2 dxe4 11. Nxe4 Nxe4 12. dxe4 Qc7 13. Be3 Rad8 14. f4 Bc5 15. Bxc5 Nxc5 16. b3 Rd7 17. Rfd1 Rfd8 18. Rxd7 Qxd7 19. Kf1 Qd4 20. Re1 Qc3 21. Rd1 Rxd1+ 22. Qxd1 h6 23. Kf2 e5 24. f5 Kh7 25. a4 a5 26. h4 b5 27. h5 bxa4 28. bxa4 Qb4 29. f6 Nxe4+ 30. Bxe4+ Qxe4 31. Qd3 Qxd3 32. cxd3 gxf6 33. g4 f5 34. gxf5 Kg7 35. Kf3 Kf6 36. Ke4 c5 37. Kd5 Kxf5 38. Kxc5 e4 39. dxe4+ Kxe4 40. Kb5 f5 41. Kxa5 f4 42. Kb6 f3 43. a5 f2 44. a6 f1Q 45. a7 Qf8 46. Kb7 Kf5 47. a8Q Qxa8+ 48. Kxa8 Kg5 0-1

[Event "Santa Cruz de Tenerife op 28th"]
[Site "Santa Cruz de Tenerife"]
[Date "2017.12.21"]
[Round "5"]
[White "Quintero Perdomo, Alberto"]
[Black "Gonzalez Garcia, Zoilo"]
[Result "1/2-1/2"]
[WhiteElo "1788"]
[BlackElo "2076"]
[PlyCount "73"]
[EventDate "2017.12.15"]
[EventType "swiss"]
[EventRounds "9"]
[EventCountry "ESP"]
[SourceTitle "CBM 182 Extra"]
[Source "ChessBase"]
[SourceDate "2018.02.23"]
[SourceVersion "1"]
[SourceVersionDate "2018.02.23"]
[SourceQuality "1"]

1. Nf3 Nf6 2. g3 b6 3. Bg2 Bb7 4. 0-0 e6 5. d3 d5 6. b3 Be7 7. Bb2 0-0 8. Nbd2 c5 9. a3 Nbd7 10. d4 Rc8 11. c4 Re8 12. dxc5 bxc5 13. Ne5 Qc7 14. Nxd7 Qxd7 15. Rc1 Red8 16. Nf3 Qc7 17. Be5 Qb6 18. Qc2 d4 19. Bxf6 Bxf6 20. b4 cxb4 21. axb4 Ba6 22. Qb3 Be7 23. b5 Bb7 24. Ne5 Bxg2 25. Kxg2 f6 26. Nd3 Bc5 27. Rc2 e5 28. Nb4 Bxb4 29. Qxb4 Rc5 30. Ra1 Rdc8 31. Qa4 Qb7+ 32. f3 e4 33. Qxa7 exf3+ 34. exf3 Qxa7 35. Rxa7 Rxb5 36. Rd7 Rbc5 37. Rxd4 1/2-1/2

[Event "Tenerife-chT Preferente 1718"]
[Site "Tenerife"]
[Date "2017.12.16"]
[Round "5.2"]
[White "Hernandez Leon, Sergio"]
[Black "Quintero Perdomo, Alberto"]
[Result "1-0"]
[WhiteElo "2109"]
[BlackElo "1788"]
[PlyCount "57"]
[EventDate "2017.11.11"]
[EventType "team-tourn"]
[EventRounds "14"]
[EventCountry "ESP"]
[SourceTitle "EXT 2019"]
[Source "ChessBase"]
[SourceDate "2018.10.10"]
[SourceVersion "1"]
[SourceVersionDate "2018.10.10"]
[SourceQuality "1"]
[WhiteTeam "Ebano Casa Venezuela"]
[BlackTeam "Ciberjaque Universidad"]
[WhiteTeamCountry "ESP"]
[BlackTeamCountry "ESP"]

1. e4 g6 2. d4 Bg7 3. Nc3 d6 4. f4 Nf6 5. Nf3 0-0 6. e5 Ne8 7. Be3 c5 8. dxc5 Qa5 9. Qd2 dxe5 10. Nxe5 Nc6 11. Nc4 Bxc3 12. Nxa5 Bxd2+ 13. Bxd2 Nf6 14. Nxc6 bxc6 15. 0-0-0 Be6 16. Be2 a5 17. a3 Ne4 18. Be3 Rfd8 19. Rxd8+ Rxd8 20. Rd1 Rxd1+ 21. Kxd1 Kf8 22. c4 Ke8 23. Kc2 a4 24. Kd3 Bf5 25. Kd4 Nf6 26. Bd1 Ng4 27. Bxa4 Kd7 28. h3 Nxe3 29. Kxe3 1-0

[Event "Tenerife-chT Preferente 1718"]
[Site "Tenerife"]
[Date "2017.11.11"]
[Round "1.2"]
[White "Alvarez Alonso, Alberto"]
[Black "Quintero Perdomo, Alberto"]
[Result "1/2-1/2"]
[WhiteElo "2022"]
[BlackElo "1788"]
[PlyCount "60"]
[EventDate "2017.11.11"]
[EventType "team-tourn"]
[EventRounds "14"]
[EventCountry "ESP"]
[SourceTitle "EXT 2019"]
[Source "ChessBase"]
[SourceDate "2018.10.10"]
[SourceVersion "1"]
[SourceVersionDate "2018.10.10"]
[SourceQuality "1"]
[WhiteTeam "Al Shah Mat Los Realejos"]
[BlackTeam "Ciberjaque Universidad"]
[WhiteTeamCountry "ESP"]
[BlackTeamCountry "ESP"]

1. e4 g6 2. d4 Bg7 3. Nf3 d6 4. Be2 Nf6 5. Nc3 0-0 6. 0-0 Nc6 7. h3 e5 8. Bg5 h6 9. Be3 Re8 10. dxe5 Nxe5 11. Nxe5 Rxe5 12. f4 Re8 13. Bf3 Nxe4 14. Nxe4 d5 15. Bf2 dxe4 16. Qxd8 Rxd8 17. Bxe4 c6 18. Rad1 Be6 19. b3 a6 20. c4 h5 21. Bh4 Rxd1 22. Rxd1 Re8 23. Rd8 Rxd8 24. Bxd8 Bd4+ 25. Kf1 f5 26. Bf3 Kf7 27. Ke2 Ke8 28. Kd3 Bc5 29. Bf6 Kd7 30. Bh4 Kd6 1/2-1/2

[Event "Tenerife-chT Primera 1617"]
[Site "Tenerife"]
[Date "2017.03.18"]
[Round "9.3"]
[White "De La Rosa Baez, Carlos"]
[Black "Quintero Perdomo, Alberto"]
[Result "0-1"]
[WhiteElo "1619"]
[BlackElo "1790"]
[PlyCount "76"]
[EventDate "2016.12.10"]
[EventType "team-tourn"]
[EventRounds "14"]
[EventCountry "ESP"]
[SourceTitle "EXT 2018"]
[Source "ChessBase"]
[SourceDate "2017.10.13"]
[SourceVersion "1"]
[SourceVersionDate "2017.10.13"]
[SourceQuality "1"]
[WhiteTeam "Casa de Venezuela Ebano II"]
[BlackTeam "Universidad"]
[WhiteTeamCountry "ESP"]
[BlackTeamCountry "ESP"]

1. Nf3 Nf6 2. c4 g6 3. g3 Bg7 4. Bg2 0-0 5. 0-0 d6 6. d3 e5 7. Nc3 Nc6 8. Rb1 Bg4 9. b4 Qd7 10. Re1 Nh5 11. b5 Nd8 12. a4 Bh3 13. Bh1 h6 14. a5 c6 15. Nd2 f5 16. Qb3 Kh8 17. bxc6 bxc6 18. Ba3 e4 19. dxe4 f4 20. e5 fxg3 21. hxg3 Bxe5 22. Nce4 Qf7 23. Nf3 Ne6 24. Nxe5 dxe5 25. Bxf8 Rxf8 26. Qf3 Qg7 27. Qe3 Nd4 28. Red1 Bg4 29. f3 Be6 30. Rdc1 g5 31. c5 Nf4 32. Rb2 Bd5 33. Nd6 Nfe6 34. Rb7 Qf6 35. Rf1 Nxc5 36. Ne4 Bxe4 37. Rf2 Nxb7 38. fxe4 Qxf2+ 0-1

[Event "Tenerife-chT Primera 1617"]
[Site "Tenerife"]
[Date "2017.03.11"]
[Round "8.3"]
[White "Rodriguez Tudanca, Abel"]
[Black "Quintero Perdomo, Alberto"]
[Result "0-1"]
[WhiteElo "1839"]
[BlackElo "1790"]
[PlyCount "62"]
[EventDate "2016.12.10"]
[EventType "team-tourn"]
[EventRounds "14"]
[EventCountry "ESP"]
[SourceTitle "EXT 2018"]
[Source "ChessBase"]
[SourceDate "2017.10.13"]
[SourceVersion "1"]
[SourceVersionDate "2017.10.13"]
[SourceQuality "1"]
[WhiteTeam "La Victoria 94"]
[BlackTeam "Universidad"]
[WhiteTeamCountry "ESP"]
[BlackTeamCountry "ESP"]

1. e4 g6 2. d4 Bg7 3. Nc3 d6 4. f4 Nf6 5. Nf3 0-0 6. Bd3 c6 7. 0-0 Qb6 8. Kh1 Bg4 9. e5 dxe5 10. dxe5 Nd5 11. Nxd5 cxd5 12. h3 Bxf3 13. Qxf3 e6 14. Rb1 Nd7 15. c3 Nc5 16. Be3 Qc6 17. Bc2 Rfc8 18. Bd4 Nd7 19. g4 Rf8 20. Qe2 b6 21. f5 exf5 22. gxf5 Bxe5 23. fxg6 hxg6 24. Bxe5 Rfe8 25. Qg2 Rxe5 26. Bb3 Nc5 27. Bc2 Qe6 28. Bd1 Re3 29. Bg4 Qe5 30. Rbd1 Ne4 31. Kg1 Rg3 0-1

[Event "Tenerife-chT Primera 1617"]
[Site "Tenerife"]
[Date "2017.02.04"]
[Round "6.2"]
[White "Mukhi Talreja, Ishita Tina"]
[Black "Quintero Perdomo, Alberto"]
[Result "1/2-1/2"]
[WhiteElo "1484"]
[BlackElo "1790"]
[PlyCount "30"]
[EventDate "2016.12.10"]
[EventType "team-tourn"]
[EventRounds "14"]
[EventCountry "ESP"]
[SourceTitle "CBM 176 Extra"]
[Source "ChessBase"]
[SourceDate "2017.03.02"]
[SourceVersion "1"]
[SourceVersionDate "2017.03.02"]
[SourceQuality "1"]
[WhiteTeam "Puerto de la Cruz Piratas"]
[BlackTeam "Universidad"]
[WhiteTeamCountry "ESP"]
[BlackTeamCountry "ESP"]

1. d4 g6 2. g3 Bg7 3. Bg2 Nf6 4. Nf3 0-0 5. 0-0 d5 6. c3 c6 7. Nbd2 Bf5 8. Nh4 Bg4 9. Re1 Re8 10. h3 Bd7 11. e4 dxe4 12. Nxe4 Nxe4 13. Rxe4 e5 14. dxe5 Rxe5 15. Rxe5 Bxe5 1/2-1/2

[Event "Tenerife-chT Preferente 1314"]
[Site "Tenerife"]
[Date "2014.03.15"]
[Round "10.3"]
[White "Rodriguez Vera, Gregorio"]
[Black "Quintero Perdomo, Alberto"]
[Result "1-0"]
[WhiteElo "2102"]
[BlackElo "1716"]
[PlyCount "77"]
[EventDate "2013.12.14"]
[EventType "team-tourn"]
[EventRounds "14"]
[EventCountry "ESP"]
[SourceTitle "EXT 2015"]
[Source "ChessBase"]
[SourceDate "2014.11.20"]
[SourceVersion "1"]
[SourceVersionDate "2014.11.20"]
[SourceQuality "1"]
[WhiteTeam "Laguna Cotelec"]
[BlackTeam "Universidad"]
[WhiteTeamCountry "ESP"]
[BlackTeamCountry "ESP"]

1. e4 g6 2. d4 Bg7 3. c3 d6 4. Nf3 Nf6 5. Bd3 Nbd7 6. 0-0 e5 7. h3 0-0 8. Bg5 h6 9. Bh4 Qe8 10. Bxf6 Nxf6 11. Re1 Nh5 12. Na3 Nf4 13. Bf1 Qe7 14. Nc4 exd4 15. cxd4 c5 16. Qc1 Ne6 17. e5 cxd4 18. exd6 Qd8 19. a4 Nc5 20. Qd1 Be6 21. Nfe5 Bxc4 22. Nxc4 Ne6 23. Ra3 Rc8 24. b4 Rxc4 25. Bxc4 Qxd6 26. Qb1 Kh7 27. h4 h5 28. Rf3 Nf4 29. g3 Nd5 30. Qb3 Nf6 31. Bxf7 Qc7 32. Bc4 Ng4 33. Rxf8 Bxf8 34. Bd3 Ne5 35. Be4 d3 36. Rd1 Qe7 37. Qd5 Bg7 38. f4 Ng4 39. Qxh5+ 1-0

[Event "Tenerife-chT"]
[Site "Tenerife"]
[Date "2013.05.04"]
[Round "13.4"]
[White "Quintero Perdomo, Alberto"]
[Black "Ramos Aguilar, Jose Manuel"]
[Result "1-0"]
[WhiteElo "1711"]
[BlackElo "2176"]
[PlyCount "125"]
[EventDate "2013.01.19"]
[EventType "team-tourn"]
[EventRounds "14"]
[EventCountry "ESP"]
[SourceTitle "EXT 2014"]
[Source "ChessBase"]
[SourceDate "2013.11.20"]
[SourceVersion "1"]
[SourceVersionDate "2013.11.20"]
[SourceQuality "1"]
[WhiteTeam "San Benito"]
[BlackTeam "Casa de Venezuela Ebano"]
[WhiteTeamCountry "ESP"]
[BlackTeamCountry "ESP"]

1. d4 Nf6 2. Nf3 g6 3. Nc3 c5 4. d5 d6 5. e4 Bg7 6. Be2 0-0 7. 0-0 Na6 8. a4 Nc7 9. Nd2 e6 10. Bf3 Nd7 11. Nc4 Ne5 12. Ne3 Nxf3+ 13. Qxf3 e5 14. Nc4 f5 15. Qd1 f4 16. f3 b6 17. Bd2 h5 18. Qe2 g5 19. g4 hxg4 20. fxg4 Rf7 21. h3 Rb8 22. Nb5 Ne8 23. Qf3 a6 24. Nc3 Nf6 25. a5 b5 26. Nb6 Rxb6 27. axb6 Qxb6 28. Be1 Nd7 29. Bf2 Qc7 30. Nb1 Bf6 31. Nd2 Nb6 32. Kg2 Bd8 33. Rfc1 Qb7 34. b3 a5 35. c4 b4 36. Rxa5 Nxd5 37. exd5 Bxa5 38. Ne4 Qe7 39. Ra1 Bd8 40. Ra8 Bb7 41. Ra7 Qf8 42. Nd2 Bb6 43. Ra1 Qh6 44. Qe4 Qh7 45. Qxh7+ Kxh7 46. Ne4 Rd7 47. Nxg5+ Kg6 48. Ne4 Bd8 49. h4 Be7 50. Kf3 Rd8 51. Ra7 Rd7 52. h5+ Kh6 53. Ra1 Bd8 54. Rg1 Bg5 55. Rh1 Bd8 56. Bh4 Bc8 57. Bxd8 Rxd8 58. g5+ Kg7 59. Ra1 Bf5 60. Ra7+ Kh8 61. g6 Bxe4+ 62. Kxe4 Re8 63. Rd7 1-0

[Event "Tenerife-chT"]
[Site "Tenerife"]
[Date "2013.03.02"]
[Round "6.4"]
[White "Ramos Aguilar, Jose Manuel"]
[Black "Quintero Perdomo, Alberto"]
[Result "0-1"]
[WhiteElo "2176"]
[BlackElo "1711"]
[PlyCount "104"]
[EventDate "2013.01.19"]
[EventType "team-tourn"]
[EventRounds "14"]
[EventCountry "ESP"]
[SourceTitle "EXT 2014"]
[Source "ChessBase"]
[SourceDate "2013.11.20"]
[SourceVersion "1"]
[SourceVersionDate "2013.11.20"]
[SourceQuality "1"]
[WhiteTeam "Casa de Venezuela Ebano"]
[BlackTeam "San Benito"]
[WhiteTeamCountry "ESP"]
[BlackTeamCountry "ESP"]

1. d4 g6 2. e4 Bg7 3. Nc3 d6 4. Be3 Nf6 5. Qd2 Ng4 6. Bg5 h6 7. Bh4 g5 8. Bg3 e5 9. d5 Nf6 10. f3 Nh5 11. Bf2 a6 12. 0-0-0 b5 13. Kb1 Bd7 14. h4 Nf4 15. g3 Ng6 16. h5 Ne7 17. f4 f6 18. Bh3 Nc8 19. Be3 Nb6 20. b3 Qe7 21. fxg5 fxg5 22. Rf1 g4 23. Bg2 b4 24. Nd1 a5 25. Ne2 Na6 26. Nc1 Bb5 27. Rf5 Nd7 28. Bf1 Bxf1 29. Rhxf1 Nf6 30. Qg2 0-0 31. Nd3 Nb8 32. N3f2 Nbd7 33. Bc1 Nc5 34. Ne3 Kh7 35. Nexg4 Nxd5 36. Rxf8 Nc3+ 37. Kb2 Rxf8 38. Ne3 Qe8 39. Nf5 a4 40. Ng4 N5xe4 41. Nxg7 Rxf1 42. Qxf1 Kxg7 43. Bxh6+ Kh7 44. Qf5+ Kg8 45. Nf6+ Nxf6 46. Qxf6 a3+ 47. Ka1 Qf7 48. Qg5+ Kh7 49. Qc1 Qxh5 50. Bd2 Qf3 51. Qg1 Kg6 52. Qe1 c5 0-1

[Event "Cotelec Laguna op"]
[Site "Cotelec"]
[Date "2012.08.23"]
[Round "7"]
[White "Villavicencio Martinez, Carlos Luis"]
[Black "Quintero Perdomo, Alberto"]
[Result "0-1"]
[WhiteElo "2071"]
[BlackElo "1960"]
[PlyCount "84"]
[EventDate "2012.08.17"]
[EventType "swiss"]
[EventRounds "9"]
[EventCountry "ESP"]
[SourceTitle "CBM 150 Extra"]
[Source "ChessBase"]
[SourceDate "2012.10.19"]
[SourceVersion "1"]
[SourceVersionDate "2012.10.19"]
[SourceQuality "1"]

1. c4 g6 2. Nc3 Bg7 3. g3 e5 4. Bg2 d6 5. e4 Nf6 6. Nge2 0-0 7. 0-0 Be6 8. d3 Qd7 9. Re1 Bh3 10. Bh1 Ng4 11. f3 Nh6 12. Be3 f5 13. Qd2 Nf7 14. f4 Nc6 15. Nd5 Nd4 16. fxe5 Nxe2+ 17. Rxe2 dxe5 18. exf5 gxf5 19. Bg5 Nxg5 20. Qxg5 c6 21. Ne7+ Kh8 22. Rd2 Rf6 23. Qh4 Rh6 24. Qg5 Re8 25. Nd5 cxd5 26. Bxd5 Qe7 27. Qe3 b6 28. Re1 Rg6 29. Kh1 Bh6 30. Qe2 Bxd2 31. Qxd2 Qg7 32. b4 Rf8 33. Qe3 Rg4 34. a3 Rd4 35. a4 Bg4 36. b5 Bh5 37. Rg1 Bg6 38. Re1 f4 39. gxf4 exf4 40. Qf2 Rxd3 41. Qh4 f3 42. Qf2 Qd4 0-1

[Event "Cotelec Laguna op"]
[Site "Cotelec"]
[Date "2012.08.21"]
[Round "5"]
[White "Mukhi Talreja, Ishita Tina"]
[Black "Quintero Perdomo, Alberto"]
[Result "0-1"]
[WhiteElo "1510"]
[BlackElo "1960"]
[PlyCount "80"]
[EventDate "2012.08.17"]
[EventType "swiss"]
[EventRounds "9"]
[EventCountry "ESP"]
[SourceTitle "CBM 150 Extra"]
[Source "ChessBase"]
[SourceDate "2012.10.19"]
[SourceVersion "1"]
[SourceVersionDate "2012.10.19"]
[SourceQuality "1"]

1. d4 Nf6 2. Nf3 g6 3. g3 Bg7 4. Bg2 0-0 5. 0-0 d6 6. c3 Nc6 7. Re1 e5 8. dxe5 dxe5 9. Bg5 h6 10. Bxf6 Qxf6 11. e4 Bg4 12. h3 Rad8 13. Qe2 Be6 14. Nbd2 Rd7 15. Qb5 Rb8 16. Nb3 a6 17. Qe2 Bf8 18. Rad1 Rbd8 19. Rxd7 Rxd7 20. Rd1 Qd8 21. Rxd7 Qxd7 22. Kh2 f6 23. Ne1 Nd8 24. Nd3 b6 25. f4 Nf7 26. fxe5 fxe5 27. Ndc1 a5 28. Nd2 h5 29. Nf3 c5 30. c4 Bh6 31. Qf1 Be3 32. b3 g5 33. Qe1 Bd4 34. Qd2 g4 35. hxg4 hxg4 36. Nxd4 cxd4 37. Nd3 Qe7 38. Nf2 Qf6 39. Qd1 Qxf2 40. a3 Ng5 0-1

[Event "Cotelec Laguna op"]
[Site "Cotelec"]
[Date "2012.08.17"]
[Round "1"]
[White "Quintero Perdomo, Alberto"]
[Black "De Castro de Leon, Jorge"]
[Result "1-0"]
[WhiteElo "1960"]
[BlackElo "1610"]
[PlyCount "38"]
[EventDate "2012.08.17"]
[EventType "swiss"]
[EventRounds "9"]
[EventCountry "ESP"]
[SourceTitle "CBM 150 Extra"]
[Source "ChessBase"]
[SourceDate "2012.10.19"]
[SourceVersion "1"]
[SourceVersionDate "2012.10.19"]
[SourceQuality "1"]

1. e4 c5 2. b4 e6 3. bxc5 Bxc5 4. d4 Be7 5. Nf3 d6 6. Bd3 Nf6 7. c4 a6 8. 0-0 0-0 9. Nc3 Nc6 10. e5 dxe5 11. dxe5 Nd7 12. Qe2 Qc7 13. Re1 Bb4 14. Bxh7+ Kh8 15. Bd2 Ndxe5 16. Nxe5 Qxe5 17. Qg4 Qf6 18. Qh5 Rd8 19. Bg5 Qxc3 1-0

[Event "Tenerife op 22nd"]
[Site "Santa Cruz de Tenerife"]
[Date "2011.12.28"]
[Round "8"]
[White "Gonzalez Garcia, Zoilo"]
[Black "Quintero Perdomo, Alberto"]
[Result "1/2-1/2"]
[WhiteElo "1675"]
[BlackElo "1993"]
[PlyCount "74"]
[EventDate "2011.12.18"]
[EventType "swiss"]
[EventRounds "9"]
[EventCountry "ESP"]
[SourceTitle "CBM 146 Extra"]
[Source "ChessBase"]
[SourceDate "2012.02.29"]
[SourceVersion "1"]
[SourceVersionDate "2012.02.29"]
[SourceQuality "1"]

1. e4 c5 2. Nf3 d6 3. d3 e6 4. g3 g6 5. Bg2 Bg7 6. 0-0 Ne7 7. Re1 Nbc6 8. Nbd2 0-0 9. Nf1 Qc7 10. c3 d5 11. exd5 Nxd5 12. Ne3 Nce7 13. Nxd5 Nxd5 14. d4 cxd4 15. Nxd4 a6 16. Qb3 b5 17. Bf4 Qd7 18. Be5 Bb7 19. Rad1 Bxe5 20. Rxe5 Rad8 21. h4 Nf6 22. Bxb7 Qxb7 23. a4 Qc7 24. Rde1 bxa4 25. Qxa4 Rd6 26. Ra5 Qb7 27. Qc2 Rb8 28. b3 Rc8 29. Qb2 Nd5 30. Rc1 Qb6 31. Ra4 e5 32. Ne2 Rf6 33. Rf1 Rcc6 34. c4 Ne3 35. fxe3 Qxe3+ 36. Kg2 Qe4+ 37. Kg1 Qe3+ 1/2-1/2

[Event "Tenerife op 22nd"]
[Site "Santa Cruz de Tenerife"]
[Date "2011.12.20"]
[Round "3"]
[White "Rodriguez Perez, Mauro"]
[Black "Quintero Perdomo, Alberto"]
[Result "1/2-1/2"]
[WhiteElo "2001"]
[BlackElo "1993"]
[PlyCount "40"]
[EventDate "2011.12.18"]
[EventType "swiss"]
[EventRounds "9"]
[EventCountry "ESP"]
[SourceTitle "CBM 146 Extra"]
[Source "ChessBase"]
[SourceDate "2012.02.29"]
[SourceVersion "1"]
[SourceVersionDate "2012.02.29"]
[SourceQuality "1"]

1. d4 g6 2. c4 Bg7 3. Nc3 c5 4. d5 d6 5. e4 Nf6 6. Bd3 0-0 7. h3 a6 8. a4 e6 9. Nge2 exd5 10. cxd5 Re8 11. 0-0 Nbd7 12. f4 Rb8 13. a5 b5 14. axb6 Qxb6 15. Kh1 c4 16. Bc2 Nc5 17. Ng3 Nb3 18. Bxb3 Qxb3 19. Qf3 Nd7 20. e5 dxe5 1/2-1/2